000 00390nam a22001217a 4500
008 230704b xxu||||| |||| 00| 0 eng d
082 _a364.1
_bAPN
110 _bAfrican Parliamentarians network Against Corruption
245 _aNew Challenge in the Fight Against Corruption
260 _aNaironi
_bAfrican Parliamentarians network Against Corruption
_c2003
300 _a61p
942 _2ddc
_cBK
999 _c3891
_d3891